Estadísticas para Los siete enanos

Haz click aquí para intentar la prueba.

Estadísticas generales

  • Esta prueba ha sido intentada 810 veces
  • La puntuación promedio es 4 de 7

Estadísticas de respuestas

Enano% Correcto
Gruñon
92%
Dormilón
65%
Feliz
54%
Mudito
53%
Sabio
46%
Tímido
36%
Mocoso
31%

Distribución de puntuación

Porcentaje por número respondido

Porcentaje de gente con cada puntuación

Historial de tus puntuaciones

No has intentado esta prueba.